| 000 | 00468nam a22001697a 4500 | ||
|---|---|---|---|
| 999 |
_c3856 _d3856 |
||
| 003 | GBCCL | ||
| 005 | 20241126110505.0 | ||
| 008 | 171214b xxu||||| |||| 00| 0 eng d | ||
| 020 | _a090384365X | ||
| 040 | _cgbc | ||
| 082 |
_a220.61 _bWAL |
||
| 245 |
_aWalking with the King / _cEdited by David Porter |
||
| 260 |
_aKeswick Convention Council, _bKent: _c1982 |
||
| 300 |
_a255 p.; _c18 cm. |
||
| 650 |
_aKeswick movement -- Congresses. _vBible. _99892 |
||
| 942 |
_2ddc _cBK |
||